000 00496nam a2200181 4500
001 VA45397
003 ES-SlBCS
005 20210601161714.0
008 140520s1944 xxu||||| |||| 00| 0 spa d
041 _aspa
100 1 _aProhàszka, Ottokár
_928748
245 1 0 _aHuellas del Señor
_b:Cuentos y paisajes
_cOttokár Prohàszka; Antonio Sancho
260 _aMadrid :
_bStudium
_c, 1944
300 _a263 p.;
_c22 cm
650 0 4 _aDios
_923287
700 1 _aSancho, Antonio
_925922
942 _cBK
999 _c845439
_d845439